[Event "Warren (MCO/1/37)"]
[Site "?"]
[Date "1986.??.??"]
[Round "?"]
[White "Hosey, L.."]
[Black "Roland, M.."]
[Result "1-0"]
[WhiteElo "1825"]
[BlackElo "1605"]
[PlyCount "53"]
[EventDate "1986.??.??"]

{1/(37)} 1. e4 c5 2. Nf3 Nc6 3. d4 e6 4. d5 exd5 5. exd5 Qe7+ 6. Be2 Nb4 7. O-O
Qd6 8. c4 Nf6 9. Nc3 Be7 10. Nb5 Qb8 11. d6 a6 12. Nc7+ Kf8 13. dxe7+ Kxe7 14.
Nxa8 Qxa8 15. Bf4 Re8 16. Qd6+ Kd8 17. Qb6+ Ke7 18. Bd6+ Ke6 19. Bxc5+ Nc6 20.
Rfe1 d6 21. Bd3+ Kd7 22. Bf5+ Re6 23. Bxe6+ fxe6 24. Rad1 d5 25. Ne5+ Nxe5 26.
Qd6+ Ke8 27. Qe7# 1-0

[Event "Warren (MCO/5/23)"]
[Site "?"]
[Date "1986.??.??"]
[Round "?"]
[White "Hosey, L.."]
[Black "Fink, W.."]
[Result "0-1"]
[WhiteElo "1825"]
[BlackElo "1695"]
[PlyCount "32"]
[EventDate "1986.??.??"]

{5/(23)} 1. e4 a6 2. d4 b5 3. Nf3 Bb7 4. Bd3 Nf6 5. Nbd2 e6 6. O-O c5 7. c3 Be7
8. Re1 O-O 9. Nf1 Nc6 10. e5 Nd5 11. dxc5 Bxc5 12. Bxh7+ Kxh7 13. Ng5+ Kg6 14.
Qg4 f5 15. Qg3 f4 16. Qg4 Qxg5 0-1

[Event "Kalamazoo (WMUSO/1/2)"]
[Site "?"]
[Date "1986.??.??"]
[Round "?"]
[White "Hobbs, Raymond"]
[Black "Mills, J.."]
[Result "0-1"]
[WhiteElo "1775"]
[BlackElo "2220"]
[PlyCount "100"]
[EventDate "1986.??.??"]

{1/(2)} 1. d4 g6 2. c4 Bg7 3. Nc3 c5 4. d5 d6 5. e4 Nf6 6. f4 O-O 7. Bd3 e6 8.
Qc2 Na6 9. a3 b5 10. Nxb5 exd5 11. exd5 Bd7 12. Nc3 Ng4 13. Nf3 Bxc3+ 14. bxc3
Re8+ 15. Kf1 Qf6 16. h3 Ne3+ 17. Bxe3 Rxe3 18. Kf2 Qxf4 19. Rae1 Rae8 20. Qc1
Rxf3+ 21. gxf3 Qh4+ 22. Kg2 Bxh3+ 23. Rxh3 Rxe1 24. Qd2 Rg1+ 25. Kxg1 Qxh3 26.
Qf4 Qd7 27. Qf6 Nc7 28. Bc2 Ne8 29. Qh4 Kg7 30. f4 f5 31. Qe1 Kf7 32. Kg2 Qe7
33. Qf2 Nf6 34. Bd3 Ng4 35. Qf3 Qe3 36. Qxe3 Nxe3+ 37. Kf2 Ng4+ 38. Kf3 h6 39.
Be2 Nf6 40. Bd3 Nh5 41. Bc2 Kf6 42. Bd3 g5 43. fxg5+ hxg5 44. Bf1 g4+ 45. Kf2
Ke5 46. Bg2 Kf4 47. Bh1 Ng3 48. Bg2 a6 49. a4 a5 50. Ke1 Ke3 0-1

[Event "Warren (MCO/1/47)"]
[Site "?"]
[Date "1986.??.??"]
[Round "?"]
[White "Hobbs, Raymond"]
[Black "McGee, T.."]
[Result "1-0"]
[WhiteElo "1780"]
[BlackElo "1605"]
[PlyCount "67"]
[EventDate "1986.??.??"]

{1/(47)} 1. d4 c5 2. d5 Nf6 3. c4 g6 4. Nc3 d6 5. e4 Bg7 6. Bd3 O-O 7. Nge2 Ng4
8. h3 Ne5 9. f4 Nxd3+ 10. Qxd3 f5 11. Ng3 e5 12. dxe6 Qh4 13. exf5 Rxf5 14. O-O
Bd4+ 15. Kh2 Rf8 16. Nb5 Nc6 17. Nxd4 Nxd4 18. Be3 Nxe6 19. f5 Ng5 20. Qd5+ Kh8
21. fxg6 Ne6 22. Rxf8+ Nxf8 23. Bg5 Qd4 24. Qf7 hxg6 25. Qxf8+ Kh7 26. Bf6 Qxf6
27. Qxf6 Bd7 28. Qf7+ Kh6 29. Qxd7 b6 30. Qxd6 Kg7 31. Re1 Rf8 32. Re7+ Kh6 33.
Qd2+ g5 34. Qd6+ 1-0

[Event "Warren (MCO/3/35)"]
[Site "?"]
[Date "1986.??.??"]
[Round "?"]
[White "Hobbs, Raymond"]
[Black "Lahr, Fred"]
[Result "1-0"]
[WhiteElo "1780"]
[BlackElo "2665"]
[PlyCount "61"]
[EventDate "1986.??.??"]

{3/(35)} 1. d4 Nf6 2. c4 g6 3. Nc3 d5 4. Bg5 Ne4 5. Nxe4 dxe4 6. e3 Bg7 7. Qc2
c5 8. O-O-O Nc6 9. dxc5 Qa5 10. a3 Qxc5 11. Rd5 Qb6 12. Ne2 Be6 13. Rb5 Qc7 14.
Nf4 Qd6 15. Nxe6 Qxe6 16. Rxb7 O-O 17. Bf4 Qf6 18. Qxe4 Rfd8 19. Be2 Rd7 20.
Bg5 Qxf2 21. Rxd7 Qxe2 22. Rd2 Qh5 23. Qxc6 Rb8 24. Qd5 Rc8 25. b3 e6 26. Qd7
Rb8 27. Qxa7 Rxb3 28. Qa8+ Bf8 29. Be7 Qh6 30. Bxf8 Qxf8 31. Rd8 1-0

[Event "Warren (MCO/5/31)"]
[Site "?"]
[Date "1986.??.??"]
[Round "?"]
[White "Hobbs, Raymond"]
[Black "Haidukewych, Dan"]
[Result "1-0"]
[WhiteElo "1780"]
[BlackElo "1605"]
[PlyCount "125"]
[EventDate "1986.??.??"]

{5/(31)} 1. d4 Nf6 2. c4 g6 3. Nc3 d5 4. Bg5 Ne4 5. Nxe4 dxe4 6. e3 Bg7 7. Qc2
f5 8. Ne2 Nc6 9. Nc3 Qd6 10. a3 h6 11. Nb5 Qd7 12. Bf4 e5 13. dxe5 Nxe5 14. Rd1
Qe7 15. Qa4 O-O 16. Be2 Bd7 17. Qb3 Be6 18. Nd4 c6 19. O-O Bf7 20. Rd2 Rad8 21.
Rfd1 a6 22. Qa4 Qc7 23. b4 Rd6 24. c5 Rdd8 25. Qc2 Qc8 26. a4 Bd5 27. Qc3 g5
28. Bxe5 Bxe5 29. Bc4 Kh7 30. Bxd5 Rxd5 31. Qc4 Rfd8 32. Rc1 Qd7 33. Rcd1 Qc7
34. g3 Qd7 35. Nb3 Kg6 36. Kg2 g4 37. b5 axb5 38. axb5 Qf7 39. Nd4 Bxd4 40.
exd4 Qf6 41. bxc6 bxc6 42. Qa4 h5 43. Qa6 Kg5 44. Rb1 Rxc5 45. Rb7 Rcd5 46. Qa7
Rg8 47. Rf7 Qd6 48. Rb2 Qe6 49. Rbb7 Rd6 50. Rbe7 Qh6 51. Rh7 Qf8 52. Ref7 Qd8
53. Qc5 Rf6 54. Qc1+ f4 55. gxf4+ Kg6 56. f5+ Kxf5 57. Rxh5+ Ke6 58. Rxf6+ Kxf6
59. Qxc6+ Kg7 60. Qxe4 Qa8 61. Rg5+ Kh6 62. Qxa8 Rxa8 63. Rxg4 1-0

[Event "Kalamazoo (WMUSO/5/8)"]
[Site "?"]
[Date "1986.??.??"]
[Round "?"]
[White "Hobbs, Raymond"]
[Black "DeRyke, S.."]
[Result "1/2-1/2"]
[WhiteElo "1775"]
[BlackElo "1910"]
[PlyCount "66"]
[EventDate "1986.??.??"]

{5/(8)} 1. d4 Nf6 2. c4 c5 3. d5 d6 4. Nc3 g6 5. e4 e5 6. f3 Bg7 7. Be3 Na6 8.
Qd2 O-O 9. h4 Nh5 10. Nge2 f5 11. Bg5 Nf6 12. exf5 Bxf5 13. g4 Bd7 14. h5 Qe8
15. Ng3 e4 16. Ncxe4 Nxe4 17. fxe4 Bxg4 18. hxg6 Qxg6 19. Be2 Bxe2 20. Nxe2
Qxe4 21. O-O-O Qxc4+ 22. Nc3 Nb4 23. Kb1 Bxc3 24. bxc3 Qe4+ 25. Kc1 Qc4 26. Kb1
Nxa2 27. Qxa2 Qxc3 28. Bd2 Qd3+ 29. Kc1 Rf2 30. Rdg1+ Kf7 31. Qb2 Qc4+ 32. Kb1
Qd3+ 33. Kc1 Qc4+ 1/2-1/2

[Event "Kalamazoo (WMUSO/3/8)"]
[Site "?"]
[Date "1986.??.??"]
[Round "?"]
[White "Hobbs, Raymond"]
[Black "Ahmadi, R.."]
[Result "0-1"]
[WhiteElo "1775"]
[BlackElo "1950"]
[PlyCount "86"]
[EventDate "1986.??.??"]

{3/(8)} 1. d4 Nf6 2. c4 g6 3. Nc3 d5 4. cxd5 Nxd5 5. e4 Nxc3 6. bxc3 Bg7 7. Ba3
Nd7 8. Qb3 c5 9. dxc5 Qa5 10. Bb4 Qc7 11. Bc4 O-O 12. Ne2 Nxc5 13. Bxc5 Qxc5
14. O-O Bg4 15. Rac1 Rac8 16. Bd3 Rfd8 17. c4 Rd7 18. h3 Rcd8 19. Rfd1 Bxe2 20.
Bxe2 Bd4 21. Qg3 Rd6 22. Rf1 Ra6 23. Rc2 Ra3 24. Qf4 Rd6 25. Qc1 Rf6 26. Bf3
Raxf3 27. gxf3 Qh5 28. f4 Qxh3 29. Rd1 Bc5 30. Rd8+ Kg7 31. Qb2 Qg3+ 32. Kf1
Qxf4 33. Rd5 b6 34. Re2 Qf3 35. Kg1 Kh6 36. Qd2+ Rf4 37. Rd3 Qg4+ 38. Kh2 Kg7
39. Rg3 Qh4+ 40. Kg2 Qf6 41. Qc2 h5 42. Kg1 Qh4 43. Kg2 Qf6 0-1

[Event "Warren (MCO/5/37)"]
[Site "?"]
[Date "1986.??.??"]
[Round "?"]
[White "Heritier, R.."]
[Black "Wilson, Vester"]
[Result "0-1"]
[WhiteElo "1685"]
[BlackElo "1605"]
[PlyCount "56"]
[EventDate "1986.??.??"]

{5/(37)} 1. d4 d5 2. c4 c6 3. Nc3 dxc4 4. e4 b5 5. a4 Qb6 6. axb5 cxb5 7. Be3
e6 8. Qh5 a6 9. g3 Bb7 10. Bg2 Nf6 11. Qd1 b4 12. Na4 Qb5 13. f3 Nc6 14. Ne2
Rd8 15. Kf2 Ne5 16. Nc1 Be7 17. Bf1 O-O 18. Nb3 Bxe4 19. fxe4 Nfg4+ 20. Kg1
Nxe3 21. Qh5 N5g4 22. Nbc5 Rxd4 23. Be2 g6 24. Qh3 h5 25. Bxg4 hxg4 26. Qh6
Bxc5 27. Nxc5 Qxc5 28. Re1 Rxe4 0-1

[Event "Warren (MCO/3/43)"]
[Site "?"]
[Date "1986.??.??"]
[Round "?"]
[White "Heritier, R.."]
[Black "Calton, David W"]
[Result "1-0"]
[WhiteElo "1685"]
[BlackElo "1605"]
[PlyCount "71"]
[EventDate "1986.??.??"]

{3/(43)} 1. d4 Nf6 2. c4 g6 3. Nc3 Bg7 4. Nf3 d6 5. e4 O-O 6. Be2 e5 7. d5 Ne8
8. Bg5 f6 9. Be3 f5 10. Bg5 Nf6 11. Qc1 f4 12. Qc2 h6 13. Bxf6 Bxf6 14. O-O-O
Nd7 15. Kb1 a5 16. Na4 b6 17. h3 Nc5 18. Nxc5 bxc5 19. Rd3 Bd7 20. Nh2 Ra6 21.
Bg4 Be8 22. Be6+ Bf7 23. Bxf7+ Kxf7 24. Ng4 Kg7 25. Nxf6 Kxf6 26. g3 g5 27. h4
g4 28. gxf4 exf4 29. Qc3+ Kf7 30. e5 dxe5 31. Qxe5 Qd6 32. Qf5+ Qf6 33. Qxg4
Rb6 34. Qd7+ Kg6 35. Rg1+ Kh5 36. Qg4# 1-0

[Event "Taylor (SEMO/4/7)"]
[Site "?"]
[Date "1986.??.??"]
[Round "?"]
[White "Hendricks, Marcus"]
[Black "Manion, Tom"]
[Result "1-0"]
[WhiteElo "1975"]
[BlackElo "1940"]
[PlyCount "153"]
[EventDate "1986.??.??"]

{4/(7)} 1. d4 Nf6 2. c4 e6 3. Nc3 Bb4 4. Bg5 h6 5. Bxf6 Qxf6 6. Nf3 b6 7. e4
Bb7 8. Bd3 Nc6 9. a3 Bxc3+ 10. bxc3 O-O 11. O-O d6 12. Bc2 Rad8 13. Qd3 e5 14.
d5 Ne7 15. Qe3 Bc8 16. h3 Ng6 17. a4 a5 18. Kh2 Nf4 19. Ng1 Qg6 20. g3 Nh5 21.
Ne2 Nf6 22. g4 Bxg4 23. Rg1 Qh5 24. Qg3 g5 25. f3 Bxf3 26. Raf1 Ng4+ 27. Qxg4
Bxg4 28. Rxg4 Qg6 29. Rg2 f6 30. Ng3 Rd7 31. Bd1 Rh7 32. Bg4 Qe8 33. Rgf2 h5
34. Be6+ Kg7 35. h4 g4 36. Nf5+ Kh8 37. Ng3 Qxa4 38. Rxf6 Rxf6 39. Rxf6 Qc2+
40. Kg1 Re7 41. Rh6+ Rh7 42. Rf6 Qc1+ 43. Kg2 Qd2+ 44. Kg1 Qe1+ 45. Kg2 Kg7 46.
Rf7+ Kg6 47. Rf8 Qd2+ 48. Kg1 Qe3+ 49. Kg2 Rh8 50. Rf2 a4 51. Bf7+ Kg7 52. Nf5+
Kxf7 53. Nxe3+ Ke7 54. Ra2 Ra8 55. Nf5+ Kf6 56. Kf2 a3 57. Ne3 Ra4 58. Ke2 Kf7
59. Kd3 Ke7 60. Nc2 g3 61. Ne3 Kd7 62. Ke2 c6 63. Kf3 cxd5 64. exd5 b5 65. cxb5
Rxh4 66. Kxg3 Ra4 67. c4 Kc7 68. Kh4 Kb6 69. Kxh5 Kc5 70. Kg4 Kd4 71. Nc2+ Kxc4
72. Rxa3 Rxa3 73. Nxa3+ Kxd5 74. Kf3 Kc5 75. Ke4 Kb6 76. Kd5 Ka5 77. Kc6 1-0

[Event "Taylor (SEMO/1/12)"]
[Site "?"]
[Date "1986.??.??"]
[Round "?"]
[White "Hendricks, Marcus"]
[Black "Garth, K.."]
[Result "1-0"]
[WhiteElo "1975"]
[BlackElo "1835"]
[PlyCount "71"]
[EventDate "1986.??.??"]

{1/(12)} 1. d4 Nf6 2. c4 e6 3. Nc3 b6 4. e4 Bb4 5. Bd3 Bb7 6. d5 exd5 7. cxd5
Qe7 8. Qe2 a5 9. Bd2 Na6 10. a3 Bxc3 11. Bxc3 Nc5 12. f3 Nb3 13. Rd1 d6 14.
Bb5+ Kf8 15. Nh3 h6 16. O-O g5 17. Qc4 Nc5 18. b4 axb4 19. axb4 Na6 20. Ra1 Nb8
21. Rxa8 Bxa8 22. Ra1 Bb7 23. Ra7 Bc8 24. Rxc7 Bd7 25. Bxd7 Nbxd7 26. Bxf6 Qxf6
27. Rxd7 Qa1+ 28. Qf1 Qd4+ 29. Nf2 Qxb4 30. Rd8+ Kg7 31. Qa1+ f6 32. Nd3 Qd2
33. Qa7+ Kg6 34. Rxh8 Qe3+ 35. Kh1 Qxd3 36. Qh7+ 1-0

[Event "Monroe (RVO/3/9)"]
[Site "?"]
[Date "1986.??.??"]
[Round "?"]
[White "Hayes, R.."]
[Black "Stefanski, Mark"]
[Result "1-0"]
[WhiteElo "2090"]
[BlackElo "1910"]
[PlyCount "101"]
[EventDate "1986.??.??"]

{3/(9)} 1. e4 e6 2. d4 d5 3. Nc3 Bb4 4. exd5 exd5 5. Bd3 Nc6 6. Nge2 Nf6 7. Bg5
Be6 8. O-O Bd6 9. h3 a6 10. a3 Qd7 11. f4 Bxh3 12. gxh3 Qxh3 13. Qe1 O-O-O 14.
Qh4 Qe3+ 15. Qf2 Qh3 16. Qf3 Qxf3 17. Rxf3 Rde8 18. Bxf6 gxf6 19. Nxd5 h5 20.
Nxf6 Rd8 21. Rh3 Be7 22. Bf5+ Kb8 23. Nd7+ Ka7 24. c3 Bd6 25. Ne5 Rde8 26. Kf2
Re7 27. Rah1 Rhe8 28. Bd3 Na5 29. Rxh5 c5 30. Rh8 f6 31. Rxe8 Rxe8 32. Nf7 Bf8
33. Rh8 c4 34. Bg6 Nc6 35. f5 b5 36. Nf4 Rb8 37. Ne6 Be7 38. Rxb8 Kxb8 39. d5
Ne5 40. d6 Bxd6 41. Nxd6 Ka7 42. Ne4 Nd3+ 43. Ke3 Nxb2 44. Nxf6 Kb6 45. Be8 Ka5
46. Nc5 Na4 47. Nfd7 Nxc3 48. f6 Nb1 49. f7 c3 50. f8=Q c2 51. Nb3+ 1-0

[Event "Monroe (RVO/4/4)"]
[Site "?"]
[Date "1986.??.??"]
[Round "?"]
[White "Hayes, R.."]
[Black "Marfia, J.."]
[Result "1/2-1/2"]
[WhiteElo "2090"]
[BlackElo "2180"]
[PlyCount "55"]
[EventDate "1986.??.??"]

{4/(4)} 1. e4 c5 2. c3 Nf6 3. e5 Nd5 4. d4 cxd4 5. cxd4 d6 6. Nf3 Nc6 7. Be2
Bg4 8. O-O e6 9. Re1 Be7 10. Nc3 Nxc3 11. bxc3 dxe5 12. Nxe5 Bxe2 13. Qxe2 Nxe5
14. Qxe5 O-O 15. Re3 Bf6 16. Qe4 Qd5 17. Qxd5 exd5 18. Rf3 Rac8 19. Rb1 Rfe8
20. Kf1 b6 21. Bd2 Rc4 22. Rf5 Rd8 23. Ke2 Ra4 24. Rb2 Be7 25. Rb5 Rxa2 26.
Rfxd5 h6 27. Kd3 Kf8 28. Rxd8+ 1/2-1/2

[Event "Taylor (SEMO/2/1)"]
[Site "?"]
[Date "1986.??.??"]
[Round "?"]
[White "Hartigan, C.."]
[Black "Groisser, D.."]
[Result "1-0"]
[WhiteElo "2175"]
[BlackElo "2015"]
[PlyCount "126"]
[EventDate "1986.??.??"]

{2/(1)} 1. e4 e6 2. d4 d5 3. Nc3 Bb4 4. exd5 exd5 5. Bd3 Nf6 6. Bg5 O-O 7. Qf3
Qe8+ 8. Kf1 Bg4 9. Qg3 Nbd7 10. Nxd5 Nxd5 11. Qxg4 N7f6 12. Qf3 b5 13. Ne2 Qd7
14. h4 h6 15. Ng3 Qg4 16. Bxf6 Qxf3 17. gxf3 Nxf6 18. Bxb5 Rab8 19. Bc4 Rfd8
20. Bb3 Bf8 21. Rg1 Rd7 22. Re1 Kh8 23. c3 c5 24. dxc5 Bxc5 25. Nf5 Bf8 26. Nd4
Bc5 27. Rd1 Rbd8 28. Ke2 Bxd4 29. cxd4 Rxd4 30. Ke3 R4d7 31. Rxd7 Rxd7 32. Rc1
g6 33. Bc4 Kg7 34. b4 Ng8 35. Bd3 Ne7 36. Be4 Kf6 37. a4 Nf5+ 38. Bxf5 Kxf5 39.
Rc5+ Ke6 40. a5 Kf6 41. Ke4 Rb7 42. b5 Ke6 43. a6 Rb6 44. Kd4 Kd7 45. Rd5+ Kc7
46. Rc5+ Kd7 47. f4 Rf6 48. f5 Rb6 49. f4 gxf5 50. Rxf5 Ke7 51. Rc5 Kd7 52. f5
Rf6 53. Ke5 Rb6 54. f6 Re6+ 55. Kf5 Rb6 56. Re5 Kd6 57. Ke4 Rb8 58. Kd4 Rb6 59.
Rh5 Kd7 60. Rd5+ Ke6 61. Rh5 Kd7 62. Rd5+ Ke6 63. Kc4 Rb8 1-0

[Event "Taylor (SEMO/4/2)"]
[Site "?"]
[Date "1986.??.??"]
[Round "?"]
[White "Hartigan, C.."]
[Black "Dowling, Jo"]
[Result "1-0"]
[WhiteElo "2175"]
[BlackElo "2075"]
[PlyCount "45"]
[EventDate "1986.??.??"]

{4/(2)} 1. Nf3 d6 2. e4 c5 3. d4 cxd4 4. Qxd4 Nc6 5. Bb5 Qd7 6. Qd1 Qg4 7. O-O
Qxe4 8. Nc3 Qg4 9. Re1 Qd7 10. Bf4 e6 11. Ne4 Qd8 12. Bxd6 Be7 13. Bxc6+ bxc6
14. Ne5 Bb7 15. Bxe7 Kxe7 16. Qg4 Qf8 17. Rad1 Rd8 18. Rxd8 Kxd8 19. Rd1+ Kc8
20. Nxf7 Nf6 21. Qxe6+ Kb8 22. Nxf6 gxf6 23. Qxf6 1-0

[Event "Kalamazoo (WMUSO/2/11)"]
[Site "?"]
[Date "1986.??.??"]
[Round "?"]
[White "Harrold, Alvin"]
[Black "Rowland, R.."]
[Result "1-0"]
[WhiteElo "1830"]
[BlackElo "1605"]
[PlyCount "60"]
[EventDate "1986.??.??"]

{2/(11)} 1. Nf3 g6 2. d4 c6 3. e4 Bg7 4. c4 d6 5. Be2 Nf6 6. Nc3 e6 7. Bg5 Qc7
8. Qd2 h6 9. Bh4 g5 10. Bg3 Nh5 11. h4 Nxg3 12. fxg3 g4 13. Nh2 h5 14. O-O Rf8
15. Rad1 Qe7 16. Rf2 c5 17. dxc5 dxc5 18. Nb5 a6 19. Nd6+ Qxd6 20. Qxd6 Bd4 21.
Kf1 Nc6 22. Rxd4 cxd4 23. Qc5 e5 24. Rf6 Be6 25. Rh6 Rd8 26. Bd3 Rd7 27. Rxh5
f6 28. Ke1 Kf7 29. Rh7+ Kg6 30. Rxd7 Bxd7 1-0

[Event "Warren (MCO/1/44)"]
[Site "?"]
[Date "1986.??.??"]
[Round "?"]
[White "Harrod, D.."]
[Black "Levadi, David"]
[Result "0-1"]
[WhiteElo "1605"]
[BlackElo "1790"]
[PlyCount "70"]
[EventDate "1986.??.??"]

{1/(44)} 1. Nf3 Nf6 2. g3 b6 3. c4 Bb7 4. Bg2 e6 5. Nc3 Be7 6. O-O O-O 7. d3 d6
8. e4 c5 9. Bg5 Nc6 10. Re1 Qd7 11. e5 dxe5 12. Bxf6 Bxf6 13. Ne4 Be7 14. a3 f6
15. Rc1 Rfd8 16. Re3 Bf8 17. b4 cxb4 18. c5 bxa3 19. Qb3 Na5 20. Qxa3 Rac8 21.
Qa2 Bd5 22. Qc2 Nb3 23. Rb1 Nxc5 24. Qe2 Nb3 25. Nxf6+ gxf6 26. Nh4 Nd4 27.
Qg4+ Qg7 28. Qxg7+ Bxg7 29. Bxd5 exd5 30. g4 Bh6 31. Nf5 Nxf5 32. gxf5 Bxe3 33.
fxe3 Rc3 34. Rd1 a5 35. d4 Rxe3 0-1

[Event "Warren (MCO/6/51)"]
[Site "?"]
[Date "1986.??.??"]
[Round "?"]
[White "Harrod, D.."]
[Black "Fletcher, G.."]
[Result "0-1"]
[WhiteElo "1605"]
[BlackElo "1605"]
[PlyCount "90"]
[EventDate "1986.??.??"]

{6/(51)} 1. Nf3 d5 2. c4 c6 3. d4 Nf6 4. g3 Bf5 5. Bg2 dxc4 6. a4 e6 7. Na3
Bb4+ 8. Bd2 Qa5 9. Nxc4 Bxd2+ 10. Nfxd2 Qc7 11. O-O O-O 12. e4 Bg4 13. Qc2 Rd8
14. Nb3 Na6 15. Qc3 Rab8 16. Rae1 b5 17. Ne5 bxa4 18. Qxc6 Rxb3 19. Qxa6 Rxb2
20. Nxg4 Nxg4 21. Qxa4 Qc2 22. Qxc2 Rxc2 23. d5 a5 24. Bh3 Nf6 25. dxe6 fxe6
26. Bxe6+ Kf8 27. e5 Nh5 28. f4 Rdd2 29. Rf3 Rxh2 30. Bh3 Rxh3 31. Rf2 Rxg3+
32. Kf1 Rxf2+ 33. Kxf2 Ra3 34. f5 a4 35. Rc1 Ra2+ 36. Kf3 a3 37. Rc8+ Ke7 38.
Rc7+ Kd8 39. Ra7 Ra1 40. Kg4 a2 41. Kxh5 Rh1+ 42. Kg5 a1=Q 43. Rxa1 Rxa1 44. f6
gxf6+ 45. Kxf6 Ke8 0-1

[Event "Warren (MCO/2/29)"]
[Site "?"]
[Date "1986.??.??"]
[Round "?"]
[White "Harrod, D.."]
[Black "Everett, Morgan"]
[Result "0-1"]
[WhiteElo "1605"]
[BlackElo "2050"]
[PlyCount "66"]
[EventDate "1986.??.??"]

{2/(29)} 1. Nf3 Nf6 2. g3 b5 3. c4 bxc4 4. Nc3 d5 5. d4 cxd3 6. exd3 Bg4 7. Bg2
e6 8. Qa4+ Qd7 9. Qf4 Bd6 10. Ne5 Bxe5 11. Qxe5 Nc6 12. Qg5 O-O 13. Qh4 Ne5 14.
O-O h6 15. Bxh6 gxh6 16. Qxf6 Ng6 17. a4 Rab8 18. Nb5 a6 19. Nd4 e5 20. Nc6
Rfe8 21. Nxe5 Rxe5 22. Rfe1 Re6 23. Qd4 c6 24. Re4 c5 25. Qxc5 dxe4 26. dxe4
Rd6 27. h3 Rd1+ 28. Rxd1 Qxd1+ 29. Kh2 Bf3 30. Qe3 Bxg2 31. Kxg2 Rc8 32. Qxh6
Rc1 33. f4 Qe2# 0-1

[Event "Monroe (RVO/4/13)"]
[Site "?"]
[Date "1986.??.??"]
[Round "?"]
[White "Harris, T.."]
[Black "Stefanski, Mark"]
[Result "1-0"]
[WhiteElo "1975"]
[BlackElo "1910"]
[PlyCount "105"]
[EventDate "1986.??.??"]

{4/(13)} 1. d4 d5 2. Nf3 Nf6 3. c4 c6 4. Nc3 e6 5. e3 Nbd7 6. Qc2 Qc7 7. Be2
Bd6 8. e4 e5 9. exd5 cxd5 10. Nb5 Qb8 11. Nxd6+ Qxd6 12. cxd5 exd4 13. O-O O-O
14. Nxd4 Qxd5 15. Rd1 Nb6 16. Bf3 Qe5 17. Qe2 Qxe2 18. Bxe2 Bg4 19. f3 Bh5 20.
Bg5 Nbd5 21. Rac1 h6 22. Bd2 Rfe8 23. Kf2 Bg6 24. Nb5 Re7 25. Bc4 a6 26. Nc3
Nxc3 27. Bxc3 b5 28. Bb3 a5 29. a3 b4 30. axb4 axb4 31. Bd4 Rd7 32. Bc5 Rc7 33.
Bd6 Rd7 34. Rc7 Rxc7 35. Bxc7 Rc8 36. Rd8+ Rxd8 37. Bxd8 Nd7 38. Be7 Ne5 39.
Ke3 Nd3 40. Bd5 Nxb2 41. Bxb4 Nd3 42. Bd6 Kh7 43. Bc4 Nb2 44. Bb5 Bf5 45. Be5
Nd1+ 46. Ke2 f6 47. Bd4 Bc2 48. Kd2 Bb3 49. Be2 g5 50. Bxd1 Bxd1 51. Kxd1 Kg6
52. Ke2 f5 53. Ke3 1-0

[Event "Warren (MCO/2/16)"]
[Site "?"]
[Date "1986.??.??"]
[Round "?"]
[White "Harris, T.."]
[Black "Small, R.."]
[Result "1-0"]
[WhiteElo "2050"]
[BlackElo "1775"]
[PlyCount "139"]
[EventDate "1986.??.??"]

{2/(16)} 1. d4 e6 2. c4 Nf6 3. g3 Bb4+ 4. Bd2 Nc6 5. Bg2 Qe7 6. Nf3 Bxd2+ 7.
Nbxd2 d5 8. O-O O-O 9. Rc1 Re8 10. e3 h6 11. Qb3 Bd7 12. Ne5 Nxe5 13. dxe5 Nh7
14. cxd5 exd5 15. Rxc7 Rad8 16. f4 Nf8 17. Rxb7 Ne6 18. Rxa7 Qc5 19. Qa3 Qb6
20. Ra6 Qb7 21. Rd6 Bc6 22. Rxd8 Rxd8 23. Qc3 Rc8 24. Qb3 Qa8 25. Rc1 Rb8 26.
Qc2 Nd8 27. a3 Qa7 28. Qc3 d4 29. exd4 Bxg2 30. Kxg2 Qb7+ 31. Nf3 g5 32. Kg1
gxf4 33. gxf4 Qe4 34. Rc2 Ne6 35. Rg2+ Kh8 36. d5 Qxd5 37. f5 Qd1+ 38. Ne1 Nd4
39. e6 f6 40. Kf1 Rg8 41. Rxg8+ Kxg8 42. Qc8+ Kh7 43. Qd7+ Kh8 44. Qe8+ Kh7 45.
Qf7+ Kh8 46. Qxf6+ Kh7 47. Qg6+ Kh8 48. Qxh6+ Kg8 49. Qg5+ Kh8 50. Qg2 Nxf5 51.
Qh3+ Kg7 52. Qxf5 Qd6 53. Qg5+ Kh7 54. e7 Qa6+ 55. Kg1 Qb6+ 56. Kh1 Qb7+ 57.
Ng2 Qe4 58. Qh5+ Kg7 59. e8=Q Qb1+ 60. Qe1 Qxb2 61. Qee5+ Qxe5 62. Qxe5+ Kg6
63. Nf4+ Kf7 64. Qe6+ Kg7 65. Kg2 Kh7 66. Kg3 Kg7 67. Kg4 Kh7 68. Kg5 Kg7 69.
Qe7+ Kh8 70. Kg6 1-0

[Event "Monroe (RVO/1/8)"]
[Site "?"]
[Date "1986.??.??"]
[Round "?"]
[White "Harris, T.."]
[Black "Marfia, J.."]
[Result "0-1"]
[WhiteElo "1975"]
[BlackElo "2180"]
[PlyCount "72"]
[EventDate "1986.??.??"]

{1/(8)} 1. d4 Nf6 2. c4 c5 3. Nf3 g6 4. g3 Bg7 5. Bg2 cxd4 6. Nxd4 Nc6 7. O-O
O-O 8. Nc3 Nxd4 9. Qxd4 d6 10. Qd3 Bf5 11. e4 Be6 12. Be3 Ng4 13. Nd5 Nxe3 14.
Qxe3 b6 15. Rab1 Rc8 16. b3 Bd7 17. a4 Bc6 18. Rfd1 Re8 19. Rbc1 e6 20. Nc3 a6
21. Qd3 Qg5 22. Ne2 Red8 23. Nd4 Bb7 24. Nf3 Qc5 25. Qe2 Qb4 26. Rb1 b5 27.
axb5 axb5 28. Nd2 Ba6 29. Qe3 Qc5 30. Qxc5 dxc5 31. cxb5 Bxb5 32. Nc4 Bd4 33.
Bf1 Bc6 34. e5 Be4 35. Nd6 Bxb1 36. Nxc8 Bxf2+ 0-1

[Event "Monroe (RVO/5/8)"]
[Site "?"]
[Date "1986.??.??"]
[Round "?"]
[White "Harris, T.."]
[Black "Kitts, Gary"]
[Result "0-1"]
[WhiteElo "1975"]
[BlackElo "2145"]
[PlyCount "64"]
[EventDate "1986.??.??"]

{5/(8)} 1. d4 Nf6 2. c4 g6 3. Nc3 d5 4. Nf3 Bg7 5. cxd5 Nxd5 6. e4 Nxc3 7. bxc3
c5 8. Bb5+ Bd7 9. Bxd7+ Qxd7 10. O-O Nc6 11. Be3 cxd4 12. cxd4 O-O 13. Rb1 e6
14. Qb3 Na5 15. Qb4 b6 16. Rfd1 Rac8 17. Rbc1 Rfd8 18. h3 Qb7 19. Nd2 Nc6 20.
Qa4 Bxd4 21. Nf3 b5 22. Rb1 Bxe3 23. Rxd8+ Rxd8 24. fxe3 bxa4 25. Rxb7 Rd1+ 26.
Kh2 Ra1 27. Rc7 Nb4 28. Rxa7 Rxa2 29. Ng5 a3 30. Nxf7 Ra1 31. Nh6+ Kf8 32. Rb7
Rb1 0-1

[Event "Warren (MCO/6/3)"]
[Site "?"]
[Date "1986.??.??"]
[Round "?"]
[White "Harris, T.."]
[Black "Groeller, W.."]
[Result "1/2-1/2"]
[WhiteElo "2050"]
[BlackElo "2185"]
[PlyCount "43"]
[EventDate "1986.??.??"]

{6/(3)} 1. d4 Nf6 2. c4 c5 3. Nf3 g6 4. g3 Bg7 5. Bg2 O-O 6. O-O cxd4 7. Nxd4
Nc6 8. Nc3 Nxd4 9. Qxd4 d6 10. Qd3 a6 11. Bd2 Bd7 12. Rac1 Rb8 13. a4 Be6 14.
b3 Qd7 15. e4 Bh3 16. Be3 Bxg2 17. Kxg2 Ng4 18. Bd4 Ne5 19. Qe2 Nc6 20. Bxg7
Kxg7 21. Rcd1 Nb4 22. Nd5 1/2-1/2

[Event "Warren (MCO/4/12)"]
[Site "?"]
[Date "1986.??.??"]
[Round "?"]
[White "Harris, T.."]
[Black "Accad, W.."]
[Result "1/2-1/2"]
[WhiteElo "2050"]
[BlackElo "1915"]
[PlyCount "118"]
[EventDate "1986.??.??"]

{4/(12)} 1. d4 Nf6 2. c4 e6 3. g3 d5 4. Bg2 Be7 5. Nf3 O-O 6. O-O b6 7. cxd5
exd5 8. Nc3 Bb7 9. Bf4 Nbd7 10. Rc1 a6 11. Ne5 c5 12. dxc5 Nxc5 13. Nf3 Ne6 14.
Be3 b5 15. Nd4 Re8 16. b3 Rc8 17. a3 h6 18. b4 Bf8 19. Qd3 Rc4 20. Rfd1 Qa8 21.
Nxe6 Rxe6 22. Nxd5 Nxd5 23. Bxd5 Bxd5 24. Qxd5 Qxd5 25. Rxd5 Rxc1+ 26. Bxc1
Rxe2 27. Be3 f6 28. Rd8 Kf7 29. Ra8 Bd6 30. Rxa6 Be5 31. Ra7+ Kg6 32. Rb7 Ra2
33. Rxb5 Rxa3 34. Kg2 Rb3 35. Rb7 f5 36. b5 Kf6 37. b6 Ke6 38. Ra7 g5 39. Ra4
Kd5 40. h4 gxh4 41. Rxh4 Bg7 42. Rh5 Ke4 43. Rh4+ Kd5 44. Bxh6 Bf6 45. Rh5 Ke4
46. Be3 Bd8 47. Rh7 Bxb6 48. Rb7 Rxe3 49. fxe3 Bxe3 50. Re7+ Kd4 51. Kf3 Bg5
52. Re8 Bc1 53. Kg2 Bh6 54. Kh3 Bg5 55. Kg2 Bc1 56. Kf1 Bg5 57. Ke2 Bf6 58. Re6
Bg5 59. Rg6 Bc1 1/2-1/2

[Event "Warren (MCO/4/19)"]
[Site "?"]
[Date "1986.??.??"]
[Round "?"]
[White "Harma, K.."]
[Black "Thomas, C.."]
[Result "0-1"]
[WhiteElo "1780"]
[BlackElo "2065"]
[PlyCount "56"]
[EventDate "1986.??.??"]

{4/(19)} 1. Nc3 Nf6 2. d4 g6 3. e4 d6 4. Bd3 Bg7 5. f3 O-O 6. Be3 Nc6 7. Qd2 a6
8. Nge2 Rb8 9. h4 e5 10. d5 Nb4 11. Bh6 c5 12. Ng3 c4 13. Bxg7 Kxg7 14. Bxc4 a5
15. a3 Na6 16. h5 Ng8 17. hxg6 fxg6 18. O-O-O Bd7 19. Rh2 b5 20. Be2 b4 21.
Bxa6 bxc3 22. bxc3 Qb6 23. Qd3 Qc5 24. Kd2 Rb2 25. Qe3 Rxc2+ 26. Kxc2 Qxe3 27.
Kb2 Rb8+ 28. Ka2 Qxc3 0-1